| 000 | 01669nam a22001937a 4500 | ||
|---|---|---|---|
| 999 |
_c58073 _d58073 |
||
| 003 | Ge_BSU | ||
| 005 | 20210608124138.0 | ||
| 008 | 210608s2021 ge ||||| |||| 00| 0 geo d | ||
| 041 | _ageo | ||
| 080 | _a82 ბ-25 | ||
| 100 |
_aბარამიძე, ეკატერინე _911974 |
||
| 245 |
_aანთროპონიმია სამყაროს ენობრივ სურათში და მისი დინამიკა : _b(ზემო აჭარის მაგალითზე) / _cეკატერინე ბარამიძე; სამეცნიერო ხელმძღვანელი თემურ ავალიანი; ბათუმის შოთა რუსთაველის სახელმწიფო უნივერსიტეტი. ჰუმანიტარულ მეცნიერებათა ფაკულტეტი. ქართული ფილოლოგიის დეპარტამენტი. |
||
| 300 |
_a220 გვ.; _b30 სმ. |
||
| 501 | _aდანართი გვ.186 - 214 | ||
| 504 | _aბიბლიოგრ. გვ. 174-185 | ||
| 700 |
_aავალიანი, თემურ _eსამეცნიერო ხელმძღვანელი _911975 |
||
| 710 |
_aბათუმის შოთა რუსთაველის სახელმწიფო უნივერსიტეტი. _bჰუმანიტარულ მეცნიერებათა ფაკულტეტი. ქართული ფილოლოგიის დეპარტამენტი. _911973 |
||
| 942 |
_2udc _cBK |
||